000 00978nam a22002055i 4500
001 154683
003 ES-MaACL
005 20230906205822.0
008 971230s1798 fr a |||| | fre d
040 _aCYL
_bspa
_cCYL
100 1 _aGossellin, Pascal-François-Joseph.
_9127491
245 1 0 _aRecherches sur la géographie systématique et positive des anciens
_b: pour servir de base a l'histoire de la géographie ancienne /
_cpar P. F. J. Gossellin de l'Institut National de France ; tome premier.
260 _aA Paris :
_bde l'Imprimerie de la République,
_cAn VI [1798]
300 _aVIII, 272 p., [6] h. de grab. pleg. ;
_c4º marquilla.
597 1 _aSign.: [ ]\p4\s, A-Z\p4\s, 2A-2L\p4\s.
597 1 _aAntep.
599 1 _aLas h. de grab. calc., son mapas.
752 _aFrancia -
_dParís
852 _aES-MaACL
_jR-120(1)
_z-- Enc. piel gofrada
_x-- Edic.: en colofón consta : Par les soins de P.D. Duboy-Laverne, directeur de l'Imprimerie de la République
999 _c154683
_d154683